Напряженное состояние анизотропных сред с отверстиями или полостями: учебное пособие

Dades bibliogràfiques
Autor principal: Космодамианский А. С. Александр Сергеевич
Idioma:rus
Publicat: Киев, Вища школа, 1976
Matèries:
Format: MixedMaterials Llibre
KOHA link:https://koha.lib.tpu.ru/cgi-bin/koha/opac-detail.pl?biblionumber=210771

MARC

LEADER 00000nam0a2200000 4500
001 210771
005 20231031192209.0
035 |a (RuTPU)RU\TPU\book\230213 
090 |a 210771 
100 |a 20120302d1976 m y0rusy50 ca 
101 0 |a rus 
102 |a UA 
105 |a a j 001zy 
200 1 |a Напряженное состояние анизотропных сред с отверстиями или полостями  |e учебное пособие  |f А. С. Космодамианский 
210 |a Киев  |a Донецк  |c Вища школа  |d 1976 
215 |a 200 с.  |c ил. 
320 |a Библиогр.: с. 191-196. 
610 1 |a анизотропные среды 
610 1 |a напряженное состояние 
610 1 |a отверстия 
610 1 |a полости 
610 1 |a пластинки 
610 1 |a плиты 
610 1 |a изгиб 
610 1 |a кручение 
610 1 |a задачи 
675 |a 539.319(075.8)  |v 3 
700 1 |a Космодамианский  |b А. С.  |g Александр Сергеевич 
801 1 |a RU  |b 63413507  |c 20120302 
801 2 |a RU  |b 63413507  |c 20121205  |g RCR 
942 |c BK